Si v práci alebo pracuješ?

Možnosť manažovať si svoj čas a prácu patrí medzi najzaujímavejšie pracovné benefity z generácie mileniálov. Takíto zamestnanci pracujú v kaviarni alebo coworkingových centrách a z technológií na tímovú prácu využívajú najmä Skype. Manažéri si to uvedomujú a v záujme získavania kvalitných ľudí im dá...

Full description

Saved in:
Bibliographic Details
Format: Book Chapter
Language:Slovak
Subjects:
Tags: Add Tag
No Tags, Be the first to tag this record!

MARC

LEADER 00000naa a2200000 4500
001 0248589
005 20181105142314.4
041 0 |a slo 
044 |a SK 
245 1 0 |a Si v práci alebo pracuješ? 
520 |a Možnosť manažovať si svoj čas a prácu patrí medzi najzaujímavejšie pracovné benefity z generácie mileniálov. Takíto zamestnanci pracujú v kaviarni alebo coworkingových centrách a z technológií na tímovú prácu využívajú najmä Skype. Manažéri si to uvedomujú a v záujme získavania kvalitných ľudí im dávajú viac slobody. Pre úspešné zavedenie práce na diaľku je nevyhnutné, aby si zamestnanci uvedomili, že získajú nielen slobodu, ale aj zodpovednosť za svoj pracovný čas. 
610 2 0 |a benefity 
610 2 0 |a zamestnanci 
610 2 0 |a spokojnosť v práci 
610 2 0 |a zdroje ľudské 
610 2 0 |a práca z domu 
610 2 0 |a práca flexibilná 
610 2 0 |a generácie